000
00223 a2200109 4500
020
_a
9789367134092
100
_a
I. M. Pandey
245
_a
Financial management
250
_a
13th
260
_b
Pearson
_c
2026
942
_c
OO
999
_c
115237
_d
115236